[Event "50th-ITA-ch-Teams-2018"]
[Site "Gallipoli"]
[Date "2018.04.30"]
[Round "5"]
[White "Godena, Michele"]
[Black "Loiacono, Leonardo"]
[Result "1/2-1/2"]
[WhiteElo "2507"]
[BlackElo "2266"]
[Annotator "TA"]
[PlyCount "94"]
[EventDate "2018.??.??"]
[EventType "team-tourn"]
[EventCountry "ITA"]
[SourceTitle "playchess.com"]
[Source "ChessBase"]
[SourceQuality "1"]

{[%evp 16,94,50,42,42,42,42,41,40,39,35,25,77,72,73,59,54,54,71,6,42,36,33,34,35,38,33,16,44,20,44,41,59,42,52,10,32,0,0,0,0,-44,31,10,10,-13,-17,-24,-17,-44,-40,-56,-49,-42,-37,-58,-58,-58,-58,-58,-58,-58,-58,-86,-86,-96,-96,-96,-96,-96,-96,-96,-96,-96,-96,-96,-96,-96,-96,-96,-96]} 1. e4 e5 2. Nf3 Nc6 3. Bb5 a6 4. Ba4 Nf6 5. O-O b5 6. Bb3 Be7 7. a4 b4 {C78: Ruy Lopez: Archangelsk and Möller Defences} 8. d4 d6 9. dxe5 {LiveBook: 6 Games} (9. a5 O-O 10. d5 Na7 11. Re1 c6 12. Nbd2 Bb7 13. Nf1 Nb5 14. Be3 Qc8 15. Bg5 cxd5 16. exd5 {1-0 (49) Granda Zuniga,J (2648)-Batsiashvili,N (2480) Douglas 2016}) 9... dxe5 {White is slightly better.} 10. Qxd8+ Bxd8 11. a5 O-O 12. Nbd2 Be7 13. Ba4 Nxa5 $146 (13... Bb7 $11) ({Predecessor:} 13... Bb7 14. Bxc6 Bxc6 15. Nxe5 Bb5 16. Re1 {½-½ (31) Mende,I (2312)-Polezhaev,I ICCF email 2012}) 14. Nxe5 $16 Ng4 15. Nec4 (15. Nd3 {seems wilder.} c5 16. h3 Nf6 17. Re1 c4 18. Ne5) 15... Nxc4 16. Nxc4 Be6 17. Bb3 ({White should play} 17. Na5 $16) 17... Rfd8 18. h3 Nf6 19. f3 Nd7 20. Na5 Bxb3 21. cxb3 Ne5 22. Bf4 Nd3 23. Bxc7 Rdc8 24. Bg3 Nxb2 25. Rfc1 (25. Rfb1 $5 {[%cal Rb1b2]} Nd3 26. Nc4 $14) 25... Nd3 26. Rxc8+ Rxc8 27. Nc4 Nc5 28. Nb6 Re8 (28... Nxb3 $15 29. Rxa6 Rc1+ 30. Kh2 Ra1 31. Rxa1 Nxa1) 29. Nd5 Bf8 $1 30. Nxb4 Nxb3 31. Ra4 Nc5 32. Ra2 Nxe4 33. fxe4 {[#] aiming for Nd5.} Bxb4 34. Rxa6 $15 {[%mdl 4096] Endgame KRB-KRB} f6 35. Bd6 Bxd6 36. Rxd6 Rxe4 {KR-KR} 37. Rd8+ Kf7 38. Rd7+ Kg6 39. Kf2 h5 {[%cal Bh7h5,Bh5h4][%mdl 32] Black is better.} 40. Kf3 Ra4 41. Rb7 h4 42. Rc7 Ra3+ 43. Kf2 Kh6 44. Rc6 Kg5 45. Rc5+ {[#]} f5 $1 46. Rc7 g6 47. Rc6 Kh5 {Precision: White = 47%, Black = 60%.} 1/2-1/2

[Event "50th-ITA-ch-Teams-2018"]
[Site "Gallipoli"]
[Date "2018.04.30"]
[Round "5"]
[White "Shytaj, Luca"]
[Black "Malloni, Marcello"]
[Result "1/2-1/2"]
[WhiteElo "2454"]
[BlackElo "2302"]
[Annotator "TA"]
[PlyCount "77"]
[EventDate "2018.??.??"]
[EventType "team-tourn"]
[EventCountry "ITA"]
[SourceTitle "playchess.com"]
[Source "ChessBase"]
[SourceQuality "1"]

{[%evp 26,77,-23,-27,-15,-61,-32,-60,-57,-62,-62,-57,-45,-51,-42,-54,-58,-107,-65,-138,-134,-157,-165,-156,-176,-155,-171,-163,-122,-128,-133,-110,-71,-116,-89,-162,-79,-105,-82,-102,-63,-69,-39,-47,-44,-82,-44,-78,-2,-23,-33,-37,0,0]} 1. d4 Nf6 2. Bf4 d5 3. Nf3 c5 4. e3 Nc6 5. c3 Qb6 6. Qb3 c4 7. Qc2 Bf5 8. Qc1 e6 9. Nbd2 Be7 10. h3 {D02: 1 d4 d5 2 Nf3 sidelines, including 2...Nf6 3 g3 and 2...Nf6 3 Bf4} h6 11. Be2 Qd8 12. Ne5 Nxe5 13. Bxe5 O-O 14. O-O {LiveBook: 9 Games} b5 15. f3 (15. Re1 Ne4 16. Bf3 Ng5 17. Bd1 {½-½ (36) Stupak,K (2573)-Gelfand,B (2729) Tbilisi 2017}) 15... Bh7 $146 ({Predecessor:} 15... Nd7 16. Bh2 e5 {0-1 (34) Peschansky,M (2205)-Ioffe,I (2074) Voronezh 2017}) 16. Bd1 Bd6 17. Bxd6 Qxd6 18. Bc2 e5 19. Bxh7+ Kxh7 20. Qc2+ Kg8 21. Rae1 Rfe8 22. Qf5 (22. dxe5 $15 Qxe5 23. f4) 22... exd4 $17 23. exd4 g6 24. Qb1 Nh5 {[%cal Bf6h5,Bh5f4,Bf4d3][%mdl 32] [#] Hoping for ...Qg3.} 25. Rxe8+ Rxe8 26. Re1 Re7 27. Nf1 Nf4 28. Qd1 Nd3 29. Re2 Kg7 30. Qd2 (30. Rxe7 $17 {keeps fighting.} Qxe7 31. Qd2) 30... Re6 (30... Rxe2 $19 {is more deadly.} 31. Qxe2 a5) 31. Re3 a5 32. a3 Qe7 33. b4 axb4 34. axb4 h5 35. Qe2 Rxe3 36. Qxe3 Qa7 (36... Qf6 $17) 37. Ng3 Qa1+ 38. Kh2 Qxc3 {[#] White must now prevent ...Qc1.} 39. Nxh5+ $1 {[%mdl 512] Precision: White = 35%, Black = 47%.} 1/2-1/2

[Event "50th-ITA-ch-Teams-2018"]
[Site "Gallipoli"]
[Date "2018.04.30"]
[Round "5"]
[White "Altini, Nicola"]
[Black "Barp, Alberto"]
[Result "1/2-1/2"]
[WhiteElo "2426"]
[BlackElo "2294"]
[Annotator "TA"]
[PlyCount "43"]
[EventDate "2018.??.??"]
[EventType "team-tourn"]
[EventCountry "ITA"]
[SourceTitle "playchess.com"]
[Source "ChessBase"]
[SourceQuality "1"]

{[%evp 21,43,0,0,-49,-39,-35,-38,-56,0,-14,-9,-18,-18,-19,0,0,0,0,0,-9,-8,-10,0,-42]} 1. d4 d5 2. Bf4 c5 3. e3 Nc6 4. c3 Nf6 5. Nd2 e6 6. Bd3 Bd6 7. Bxd6 {D00: 1 d4 d5: Unusual lines} Qxd6 8. f4 cxd4 (8... Bd7 9. a3 Ne7 10. Ngf3 Qb6 11. Rb1 Bb5 12. Bxb5+ Qxb5 13. Qe2 Qxe2+ 14. Kxe2 Rc8 {1-0 (58) Duda,J (2717)-Dziuba,M (2584) Katowice 2017}) 9. cxd4 Bd7 10. a3 Ne7 11. Ngf3 Qb6 {LiveBook: 3 Games} 12. Rb1 Bb5 $146 ({Predecessor:} 12... Ng4 13. Qe2 Nf5 14. Nf1 Rc8 {0-1 (27) Sandhoefner,F (2251)-Froewis,G (2449) Austria 2016}) 13. Bxb5+ Qxb5 14. Qe2 Qxe2+ 15. Kxe2 {The position is equal.} O-O 16. Ne5 Rfc8 17. Rbc1 Rxc1 18. Rxc1 {Threatens to win with Rc7.} Rc8 19. Rc5 Ne8 20. Kd3 f6 21. Nef3 Nd6 22. b3 1/2-1/2

[Event "50th-ITA-ch-Teams-2018"]
[Site "Gallipoli"]
[Date "2018.04.30"]
[Round "5"]
[White "Gilevych, Artem"]
[Black "Delchev, Aleksander"]
[Result "1/2-1/2"]
[WhiteElo "2407"]
[BlackElo "2558"]
[Annotator "TA"]
[PlyCount "102"]
[EventDate "2018.??.??"]
[EventType "team-tourn"]
[EventCountry "ITA"]
[SourceTitle "playchess.com"]
[Source "ChessBase"]
[SourceQuality "1"]

{[%evp 22,102,0,0,0,0,0,-2,0,-2,0,-7,0,0,0,0,0,0,0,0,0,0,0,0,0,0,0,-74,-67,-73,-72,-84,-80,-79,-22,-22,-22,-22,-22,-22,-1,-1,-1,-1,-1,-8,-8,-15,-8,-8,-8,-16,-8,-8,0,0,0,0,0,0,0,0,0,0,0,0,0,0,0,-8,-14,-22,-22,-22,-8,-8,0,0,0,0,0,-8,-202]} 1. Nf3 d5 2. d4 Nf6 3. c4 e6 4. Nc3 c6 5. e3 Nbd7 6. Qc2 Bd6 7. Bd3 O-O 8. O-O dxc4 9. Bxc4 e5 10. h3 h6 11. a3 Re8 12. Ba2 {LiveBook: 4 Games. D46: Semi-Slav: 5 e3 Nbd7 6 Bd3, Black avoids the Meran} exd4 13. Nxd4 Nc5 14. Nf5 {[#] And now Nxh6+! would win.} Bxf5 15. Qxf5 {[#]} a5 $146 ({Predecessor:} 15... Be5 16. Rd1 Qb6 17. Rb1 Nb3 18. Qc2 Nxc1 19. Rbxc1 Rad8 {1-0 (36) Wojtaszek,R (2744)-Ponomariov,R (2714) Beijing 2014}) 16. Rd1 Qe7 17. Bd2 Qe5 18. Qxe5 Bxe5 19. Be1 b5 {[#] aiming for ...b4.} 20. Rac1 b4 $36 {[%mdl 2048] Black has good play.} 21. Nd5 cxd5 22. Rxc5 Bxb2 23. axb4 axb4 24. Bb3 (24. Bxd5 $11 Nxd5 25. Rcxd5) 24... Ra3 $17 25. Bxd5 Nxd5 26. Rcxd5 b3 {Threatens to win with ...Bf6.} 27. R5d3 Bc1 (27... Bf6 $17 28. Rb1 (28. Bb4 Ra7 $17) 28... Rb8) 28. Bb4 $11 {The position is equal.} ({Don't play} 28. Rxc1 b2 $17) 28... b2 29. Bxa3 b1=Q {...Rc8 is the strong threat.} 30. Bxc1 Kh7 31. Ba3 Qc2 32. Bd6 Rd8 33. Rd4 f6 34. h4 Qe2 35. R4d2 Qh5 36. Rd4 Rd7 37. R1d2 Qa5 38. Kh2 Qf5 39. Bg3 Ra7 40. Rd5 Qe4 41. Rd7 Ra1 42. Rd1 Rxd1 43. Rxd1 {[%mdl 4096] Endgame KQ-KRB} g5 44. Rd4 Qe8 45. Rd6 Kg6 46. hxg5 hxg5 47. Rd4 f5 48. Bd6 f4 49. Bxf4 $1 gxf4 50. Rxf4 Qh8+ 51. Kg1 Qa1+ {Precision: White = 81%, Black = 46%.} 1/2-1/2

[Event "50th-ITA-ch-Teams-2018"]
[Site "Gallipoli"]
[Date "2018.04.30"]
[Round "5"]
[White "Piscopo, Pierluigi"]
[Black "Carbone, Stefano"]
[Result "1/2-1/2"]
[WhiteElo "2406"]
[BlackElo "2101"]
[Annotator "TA"]
[PlyCount "57"]
[EventDate "2018.??.??"]
[EventType "team-tourn"]
[EventCountry "ITA"]
[SourceTitle "playchess.com"]
[Source "ChessBase"]
[SourceQuality "1"]

{[%evp 9,57,57,57,43,45,43,45,19,28,26,38,20,24,19,16,18,22,27,29,18,20,0,12,0,0,0,-2,-19,111,39,83,78,72,10,13,12,14,0,0,0,0,-30,10,1,14,13,32,-4,-4,-40]} 1. e4 d5 2. exd5 Qxd5 3. Nc3 Qd6 4. d4 c6 5. Nf3 Nf6 6. Be2 {B01: Scandinavian Defence} (6. h3 Nbd7 7. Bd3 g6 8. O-O Bg7 9. Re1 O-O 10. Qe2 e6 11. Bg5 b6 12. Rad1 Bb7 13. Ne5 c5 14. dxc5 Qxe5 15. Qxe5 Nxe5 16. Rxe5 {1-0 (90) Guseinov,G (2645)-Carlsen,M (2832) chess.com INT 2017}) 6... Bg4 7. O-O Nbd7 8. a4 {[%cal Ba2a4,Ba4a5,Ba5a6][%mdl 32] White is slightly better.} e6 9. a5 $146 ({Predecessor:} 9. Bg5 Qc7 10. Ne5 Nxe5 11. dxe5 Bxe2 12. Qxe2 Nd7 13. f4 Bc5+ {1-0 (27) Wang,D (2206)-Ibarra Chami,L (2339) Batumi 2006}) 9... Be7 10. a6 b5 {[%cal Bb7b5,Bb5b4][%mdl 32]} 11. Ne5 Bxe2 12. Qxe2 Qc7 13. Bf4 {Strongly threatening Ng6!} Bd6 14. Rfd1 O-O 15. Rd3 b4 16. Na4 Nd5 {[%cal Bf6d5,Bd5e7,Be7f5][%mdl 32]} 17. Bg3 Bxe5 18. dxe5 c5 {[#]} (18... Qa5 $11 {remains equal.}) 19. c4 (19. Rxd5 $1 $16 {[%mdl 512]} exd5 20. e6) 19... Ne7 20. Qe4 Rab8 21. Rad1 ({White should play} 21. f4 $16) 21... Nb6 $1 $11 {[%cal Rb6a4]} 22. Nxb6 Qxb6 23. Rd6 Qa5 $1 24. Rd7 Nf5 25. Rxa7 Rb6 26. Ra8 {Intending Rxf8+ and mate.} Rxa6 27. Rxf8+ $1 Kxf8 28. Qb7 {Threatening mate with Qc8+.} Ra8 29. h3 {Precision: White = 36%, Black = 62%.} 1/2-1/2

[Event "50th-ITA-ch-Teams-2018"]
[Site "Gallipoli"]
[Date "2018.04.30"]
[Round "5"]
[White "Cocozza, Mario"]
[Black "Lettieri, Giuseppe"]
[Result "1-0"]
[WhiteElo "2321"]
[BlackElo "2426"]
[Annotator "TA"]
[PlyCount "97"]
[EventDate "2018.??.??"]
[EventType "team-tourn"]
[EventCountry "ITA"]
[SourceTitle "playchess.com"]
[Source "ChessBase"]
[SourceQuality "1"]

{[%evp 16,96,12,12,10,-19,-12,-52,32,40,52,0,0,0,0,0,13,0,0,0,0,0,22,23,18,22,16,8,5,9,8,19,3,0,0,0,0,0,0,0,0,0,0,0,0,0,0,0,0,0,0,0,0,0,0,0,0,0,0,0,0,0,0,0,24,0,0,0,83,81,97,83,182,152,155,125,150,122,231,235,29991,29992,29999]} 1. e4 c5 2. Nf3 d6 3. d4 cxd4 4. Nxd4 Nf6 5. Nc3 a6 6. Be2 e5 7. Nb3 Be7 8. Be3 Be6 9. Bf3 {LiveBook: 6 Games. B92: Sicilian Najdorf: 6 Be2} O-O 10. g4 {[%cal Bg2g4,Bg4g5][%mdl 32]} (10. O-O Nbd7 11. a4 Rc8 12. a5 Re8 13. Qd2 Rc4 14. Rfd1 Bf8 15. Qd3 Rb4 16. Qd2 Rc4 17. Qe1 Qc7 18. Be2 Rc6 19. f3 {1-0 (89) Nakamura,H (2792)-Nepomniachtchi,I (2751) Saint Louis 2017}) 10... Nc6 11. Rg1 {The position is equal.} Rc8 (11... a5 $15) 12. g5 $14 Nd7 13. Nd5 $146 ({White should play} 13. Bg4 $1 $14) ({Predecessor:} 13. Bg4 g6 14. Bxe6 fxe6 15. Qg4 Rf7 16. Qxe6 Nb4 {½-½ (58) Elseth,R (2305)-Ostenstad,B (2400) Oslo 1987}) 13... Bxd5 $11 14. exd5 Na5 15. Nxa5 Qxa5+ 16. Qd2 Bd8 {[#] ...Rxc2 is the strong threat.} 17. Qxa5 Bxa5+ 18. c3 Bb6 19. Bg4 Bxe3 20. Bxd7 Rc7 21. fxe3 {[#] Threatens to win with Bg4.} Rxd7 {[%mdl 4096] Endgame KRR-KRR} 22. Ke2 f5 23. gxf6 Rxf6 24. Raf1 {aiming for Rxf6.} Rh6 25. Rf2 Rf7 26. Rgf1 Rff6 27. Kd3 (27. Rxf6 {is interesting.} gxf6 28. Rf2 Kf7 29. Kd3 Rh4 30. c4) 27... Kf7 28. Rxf6+ gxf6 {KR-KR} 29. Rf2 b5 30. b3 Rh4 31. a3 a5 32. c4 b4 33. axb4 axb4 34. Ra2 f5 35. Ra7+ Ke8 36. Ra6 Kd7 37. Ra7+ Kc8 38. Ra6 Kc7 39. Ra7+ Kb8 40. Ra6 Kc7 41. Ra7+ Kb6 (41... Kd8 $11 {remains equal.}) 42. Rd7 $16 Rh6 43. h4 $1 f4 (43... Rg6 $16 {might work better.}) 44. exf4 exf4 45. Ke4 Rf6 46. Kf3 Kc5 (46... h5 $16 47. Rg7 Rf8) 47. Rb7 $18 {Intending Ke4 and mate.} ({But not} 47. Rxh7 $6 Kd4 $16) 47... Rh6 $2 (47... Kd4 $18 48. Rxb4 Rf8) 48. Ke4 {[%csl Gc4][%cal Rb7b5]} f3 49. Rb5# {Precision: White = 79%, Black = 52%.} 1-0

[Event "50th-ITA-ch-Teams-2018"]
[Site "Gallipoli"]
[Date "2018.04.30"]
[Round "5"]
[White "Dappiano, Andrea"]
[Black "Brunello, Sabino"]
[Result "1/2-1/2"]
[WhiteElo "2310"]
[BlackElo "2540"]
[Annotator "TA"]
[PlyCount "264"]
[EventDate "2018.??.??"]
[EventType "team-tourn"]
[EventCountry "ITA"]
[SourceTitle "playchess.com"]
[Source "ChessBase"]
[SourceQuality "1"]

{[%evp 15,264,33,30,9,51,18,13,0,0,0,0,0,0,0,0,0,0,-11,-10,-8,-5,-50,-25,-58,-77,-56,-52,-75,-53,-137,-139,-152,-136,-143,-132,-138,-143,-135,-137,-132,-135,-123,-107,-112,-111,-108,-111,-112,-115,-119,-108,-119,-110,-112,0,-130,-93,-93,-78,-93,-93,-106,-93,-100,-43,-77,-12,-14,-14,-31,0,-12,-14,-15,-16,-11,0,-17,-8,-22,-12,-34,-27,-21,0,-18,0,-4,0,-53,0,-20,0,0,0,0,0,0,0,0,0,0,0,0,0,0,0,0,0,0,0,0,0,0,0,0,0,0,0,0,0,0,0,0,0,0,0,0,0,0,0,-43,-43,-43,-43,-118,-43,-100,-43,-43,-43,-43,-43,-43,-43,-43,-43,-43,-43,-43,-43,-43,-43,-43,-43,-43,-43,-43,-43,-43,-43,-43,-43,-43,-43,-43,0,0,0,0,0,0,0,0,0,0,0,0,0,0,0,0,0,0,0,0,0,0,0,0,0,0,0,0,0,0,0,0,0,0,0,0,0,0,0,0,0,0,0,0,0,0,0,0,0,0,0,0,0,0,0,0,0,0,0,0,0,0,0,0,0,0,0,0,0,0,0,0,0,-8,0,0,0,0,0,0,0,0,0,0,0]} 1. e4 c5 2. Nf3 d6 3. Bb5+ Nd7 4. d4 cxd4 5. Qxd4 a6 6. Bxd7+ Qxd7 {B51: Sicilian: Moscow Variation (3 Bb5+) without 3...Bd7} (6... Bxd7 7. Nc3 e5 8. Qd3 Rc8 9. O-O Qc7 10. a4 Be7 11. Rd1 h6 12. Nd2 Nf6 13. Nf1 O-O 14. Ne3 Be6 15. a5 Rfd8 {½-½ (58) Demchenko,A (2660)-Vachier Lagrave,M (2789) Riadh 2017}) 7. O-O e5 8. Qd3 Qc6 {LiveBook: 6 Games. White is slightly better.} 9. Nc3 h6 10. Rd1 Be6 11. b3 $146 ({Predecessor:} 11. Nd5 Rc8 12. Be3 Nf6 13. Nxf6+ gxf6 14. Ne1 {0-1 (40) Lintchevski,D (2517)-Fedoseev,V (2673) Khanty-Mansiysk 2016}) 11... Rc8 12. Bb2 Nf6 13. Rac1 Be7 14. Nd5 Bxd5 $1 15. exd5 Qd7 16. Qe2 O-O 17. c4 Rfe8 18. b4 Nh5 {[%cal Bf6h5,Bh5f4,Bf4e2][%mdl 32]} 19. Nd2 Nf4 20. Qf3 f5 21. c5 Bg5 $1 $36 {[%mdl 2048] Black is pushing.} 22. Nc4 (22. Rc2 $15) 22... e4 $17 23. Qa3 Ne2+ 24. Kh1 {Hoping for Rc2.} Nxc1 25. Bxc1 Bxc1 26. Qxc1 dxc5 27. Nb6 Qd6 28. Nxc8 Rxc8 29. bxc5 Rxc5 {[%mdl 4096] Endgame KQR-KQR} 30. Qd2 b5 31. h3 Kf7 32. Kg1 Rc4 33. Qe2 Ke7 34. Qb2 Kf7 35. Qe2 g6 36. Qb2 Rc8 37. Qd4 h5 38. Qa7+ Rc7 39. Qd4 b4 (39... Rc2 $17 40. Qa7+ Kg8) 40. Qh8 $15 {[#]} Rc3 ({Black should try} 40... h4 $1 $17 {[%mdl 512]} 41. Qxh4 Kg7) 41. Qh7+ $11 Kf6 42. h4 Rc2 43. Qh8+ Ke7 44. Qg7+ Kd8 45. Qb7 Rc7 46. Qb8+ Kd7 47. Qg8 Rc2 48. Qf7+ Kc8 49. Qa7 $1 Kd8 ({Don't go for} 49... Rxa2 $2 50. Rc1+ Kd8 51. Qb7 $18) 50. Qb7 Rc7 51. Qb8+ Kd7 52. Qg8 a5 (52... Rc5 $15) 53. Qa8 Rc5 54. Qb7+ Qc7 55. Qa6 Qd6 56. Qb7+ Kd8 57. Qa8+ Ke7 58. Qa7+ Kf6 59. Qa8 Kf7 60. Qa7+ Ke8 61. Qa8+ Kd7 62. Qb7+ Ke8 63. Qa8+ Kf7 64. Qa7+ Kf6 65. Qa8 Ke7 66. Qa7+ Kf8 67. Qa8+ Kf7 68. Qa7+ Kg8 69. Qa8+ Kg7 70. Qa7+ $1 Rc7 71. Qxa5 e3 72. fxe3 Qg3 {( -> ...Rc2)} 73. Qb5 Rc2 {[%csl Gc2][%cal Rg3g2]} (73... Qxh4 74. d6 $11) 74. Qf1 Qxe3+ 75. Kh1 (75. Kh2 $15) 75... Rf2 ({Black should play} 75... Qg3 $1 $17 76. Qf3 Qxh4+ 77. Kg1 Rd2 $1 {[%mdl 512]} 78. Rxd2 Qe1+ 79. Qf1 Qxd2 80. Qa1+ Qc3) 76. Qg1 {[#]} (76. Qd3 $15 Qxd3 77. Rxd3 Rxa2 78. d6) 76... Qg3 (76... f4 $1 $17 77. d6 Qg3) 77. Qh2 $1 $15 {[%cal Rh2g3]} Qxh2+ 78. Kxh2 {And now d6 would win.} Rxa2 {...Kf7 is the strong threat. KR-KR} 79. d6 Ra8 80. Rb1 Rd8 81. Rxb4 Rxd6 82. g3 Rd2+ 83. Kh3 Re2 84. Rb7+ Kf6 85. Rb6+ Re6 86. Rb5 Re4 87. Rb6+ $1 Kf7 88. Rb7+ Ke8 89. Rg7 Rg4 90. Ra7 f4 91. gxf4 {The position is equal.} Rxf4 92. Rg7 Rg4 93. Ra7 Rf4 94. Rg7 (94. Ra1 {with more complications.} Kf7 95. Ra5 Rg4 96. Ra7+ Kg8 97. Ra8+) 94... Rf6 95. Kg3 Kf8 96. Ra7 Rf7 97. Ra6 (97. Ra1 {seems wilder.} Kg7 98. Ra6 Rd7 99. Ra5 Kf7 100. Ra6) 97... Kg7 98. Rb6 Rd7 99. Ra6 Rd3+ 100. Kg2 Rd4 101. Kg3 Rg4+ 102. Kh3 Re4 103. Kg3 Kf7 104. Rb6 Re6 105. Rb5 Kf6 106. Kf4 Rd6 107. Kg3 Rd3+ 108. Kg2 Re3 109. Ra5 Re5 110. Ra4 Rd5 111. Kg3 Ke5 112. Ra6 Kf5 113. Ra4 Rd3+ 114. Kg2 Re3 115. Ra5+ Kf4 116. Ra4+ Re4 117. Ra6 Kf5 118. Kg3 Re3+ 119. Kg2 Re6 120. Ra4 Re4 121. Ra5+ Kf4 122. Ra6 Re2+ 123. Kh3 Re3+ 124. Kh2 Kf5 125. Ra5+ Re5 126. Ra4 Re4 127. Ra5+ Kf4 128. Ra6 Kf3 129. Kh3 Rg4 130. Ra3+ Kf2 131. Ra2+ Kg1 132. Ra1+ Kf2 {Precision: White = 75%, Black = 54%.} 1/2-1/2

[Event "50th-ITA-ch-Teams-2018"]
[Site "Gallipoli"]
[Date "2018.04.30"]
[Round "5"]
[White "Paltrinieri, Nicholas"]
[Black "Ladron De Guevara Pinto, Paolo"]
[Result "0-1"]
[WhiteElo "2309"]
[BlackElo "2422"]
[Annotator "TA"]
[PlyCount "88"]
[EventDate "2018.??.??"]
[EventType "team-tourn"]
[EventCountry "ITA"]
[SourceTitle "playchess.com"]
[Source "ChessBase"]
[SourceQuality "1"]

{[%evp 24,88,52,41,50,41,71,0,0,-91,-78,-126,-110,-122,-123,-92,-87,-80,-108,-62,-60,-103,-107,-241,-248,-334,-332,-337,-242,-231,-230,-235,-235,-226,-216,-232,-204,-287,-287,-305,-305,-302,-301,-327,-300,-300,-291,-371,-345,-368,-337,-425,-426,-613,-607,-694,-685,-668,-510,-535,-549,-740,-738,-730,-721,-721,-717]} 1. d4 d5 2. Bf4 Nf6 3. e3 e6 4. Nd2 c5 5. c3 Nc6 6. Ngf3 Bd6 7. Bg3 O-O 8. Bd3 b6 9. e4 {D02: 1 d4 d5 2 Nf3 sidelines, including 2...Nf6 3 g3 and 2...Nf6 3 Bf4} dxe4 (9... Be7 10. e5 Nh5 11. Nf1 cxd4 12. Nxd4 Nxd4 13. cxd4 g6 14. Ne3 f5 15. exf6 Bxf6 16. Be2 Nxg3 17. hxg3 {½-½ (37) Nakamura,H (2787)-Svidler,P (2760) Moscow 2018}) 10. Nxe4 Nxe4 11. Bxe4 Bb7 12. dxc5 Bxc5 13. Qa4 {LiveBook: 11 Games} Rc8 14. Rd1 Qe7 15. b4 (15. O-O $16) 15... f5 $11 16. Bb1 (16. Bd3 $11 Nxb4 17. cxb4 Bxb4+ 18. Kf1) 16... Nxb4 $1 $17 {[#]} 17. Bh4 $146 Qe8 18. Qxe8 Rfxe8 19. cxb4 Bxb4+ 20. Ke2 Ba6+ {[%mdl 1024] Black has strong compensation.} 21. Bd3 Rc2+ $1 22. Ke3 Bc5+ 23. Nd4 (23. Kf4 $17 {is the only way for White.} Bxd3 24. Rxd3) 23... Rc3 $19 {[#] ...e5 is the strong threat.} 24. f4 e5 25. fxe5 Bxd3 ({Less strong is} 25... Rxe5+ 26. Kf4 $17) 26. Rxd3 Rxe5+ 27. Kd2 Rxd3+ 28. Kxd3 Bxd4 $1 {[%mdl 4096] Endgame KRB-KRB} 29. Bg3 Re4 30. Bb8 (30. Rf1 $142) 30... Bc5 31. Rb1 Ra4 32. Rb2 Kf7 33. Re2 g6 34. Kc3 a6 35. g3 Re4 36. Rg2 Ke6 37. h4 b5 {Black is clearly winning.} 38. h5 (38. Kc2 $142) 38... gxh5 39. Rh2 {[#]} h4 $1 40. gxh4 Bd6 41. Bxd6 Kxd6 42. Rd2+ Ke5 43. Rd7 Rxh4 44. Ra7 Ra4 {Precision: White = 26%, Black = 90%.} 0-1

[Event "50th-ITA-ch-Teams-2018"]
[Site "Gallipoli"]
[Date "2018.04.30"]
[Round "5"]
[White "Lanzani, Mario"]
[Black "Garcia Palermo, Carlos"]
[Result "0-1"]
[WhiteElo "2281"]
[BlackElo "2404"]
[Annotator "TA"]
[PlyCount "62"]
[EventDate "2018.??.??"]
[EventType "team-tourn"]
[EventCountry "ITA"]
[SourceTitle "playchess.com"]
[Source "ChessBase"]
[SourceQuality "1"]

{[%evp 18,62,20,-2,11,6,39,16,55,-24,-23,-35,-32,-35,-36,-67,-22,-68,-55,-72,-65,-65,-33,-36,-35,-58,-15,-35,-39,-108,-79,-106,-114,-200,-74,-179,-161,-1324,-768,-1111,-838,-837,-829,-814,-812,-793,-785]} 1. e4 e5 2. Nf3 Nc6 3. Nc3 Nf6 4. Bb5 Bb4 5. O-O O-O 6. d3 d6 7. Bg5 Ne7 8. Bxf6 gxf6 9. Nh4 c6 10. Ba4 {LiveBook: 6 Games. C49: Four Knights: 4 Bb5 Bb4} Kh8 $146 ({Predecessor:} 10... Ng6 11. Nxg6 hxg6 12. Ne2 Kg7 13. c3 Ba5 14. Ng3 Rh8 15. Qf3 Rh4 16. h3 Rf4 17. Qe2 Bb6 {½-½ (51) Lagno,K (2539)-Hammer,J (2633) Cap d'Agde 2010}) 11. Bb3 d5 12. Qf3 {White is slightly better.} Qd6 13. Ne2 ({White should try} 13. Nd1 $14) 13... Rg8 $11 {[#] Threatens to win with ...Bg4.} 14. h3 f5 15. Nxf5 Bxf5 16. exf5 Rg5 $1 17. Ng3 Rag8 18. c4 Bc5 19. Kh1 $1 {[#] Strongly threatening f6.} f6 (19... Bxf2 $5 20. Rxf2 Rxg3 $15) 20. cxd5 cxd5 21. Rac1 a6 22. Qe2 Ba7 23. Ba4 (23. a3 $15) 23... Bxf2 $1 $17 24. Rxf2 {And now Nf1 would win.} Rxg3 25. Qc2 (25. Qd2 $17 {was necessary.}) 25... Qb6 (25... Rc8 $19 {has better winning chances.} 26. Qd2 Rxc1+ 27. Qxc1 Rxd3) 26. Rcf1 (26. Qc5 $17 Qd8 27. Bb3) 26... Qd4 $19 27. Qc7 $2 (27. Bd7) 27... Nxf5 {Black is clearly winning.} 28. Qf7 R3g7 ({And not} 28... Qxa4 29. Rxf5 R3g6 30. Rh5 $11) 29. Qxf6 Ng3+ 30. Kh2 Nxf1+ 31. Rxf1 Qxa4 {Precision: White = 10%, Black = 58%.} 0-1